| 000 | 00657nam a2200205 i 4500 | ||
|---|---|---|---|
| 001 | 182440 | ||
| 003 | ES-MaACL | ||
| 005 | 20230906221617.0 | ||
| 008 | 130814s1993 mx |||| | spa d | ||
| 080 | _a821.134.2(72)-14"19" | ||
| 100 | 1 |
_aGodoy, Iliana. _9153257 |
|
| 245 | 1 | 0 |
_aSonetos y claustros / _cIliana Godoy ; [ilustraciones de Francisco Mejía]. |
| 260 |
_aToluca de Lerdo : _bLa Tinta de Alcatraz, _c1993. |
||
| 300 |
_a[16] p. : _bil. ; _c23 cm. |
||
| 490 | 1 |
_aLa hoja murmurante ; _v114 |
|
| 700 | 1 |
_aMejía, Francisco. _9153258 |
|
| 830 | 0 |
_aLa hoja murmurante ; _v114 _9191753 |
|
| 852 |
_aES-MaACL _j2325-F-2 |
||
| 999 |
_c182440 _d182440 |
||